000 00665nam a2200169 a 4500
008 120416s1990 ||||||||||||||||| || u
050 _aHF 5549.5J63 Per
100 _aMcLean, Gary N
245 1 0 _aPerformance appraisal
_cedited by Garry N. McLean
246 _aperspectives on a quality management approach
260 _aAlexandria, VA
_bAmerican Society for Training and Develo
_c1990
300 _a(iv), 218p. : ill.
350 _a0.00
700 _aDamme, Susan R
700 _aSwanson, Richard A
995 _D0.00
_FCBU-MAIN LIBRARY (Kitwe)
_H1
_I19.00
_UAVAILABLE
_ZMain Library Open Access Collection
999 _c53336
_d53336